[Event "FAI-ch Master 2021"]
[Site "Klaksvik"]
[Date "2021.03.31"]
[Round "5.4"]
[White "Simonsen, Hans Kristian"]
[Black "Poulsen, Martin"]
[Result "1/2-1/2"]
[WhiteElo "2128"]
[BlackElo "2285"]
[Annotator "TA"]
[PlyCount "70"]
[EventDate "2021.03.27"]
[EventType "tourn"]
[EventCountry "FAI"]
[SourceTitle "playchess.com"]
[Source "ChessBase"]
[SourceQuality "1"]

{[%evp 15,70,-10,-18,-15,0,0,0,0,0,0,0,0,0,-3,0,0,0,-9,8,0,0,0,5,6,6,-16,-16,-23,-18,-18,-20,-18,-17,-16,-10,-17,-18,-23,0,-10,-19,-30,0,0,0,-12,-18,-10,-14,-16,0,0,0,-30,0,0,0]} 1. c4 Nf6 2. Nf3 e6 3. Nc3 d5 4. d4 dxc4 5. Qa4+ c6 6. Qxc4 b5 7. Qb3 Nbd7 {7...a6 is the modern continuation.} 8. g3 b4 9. Na4 {D43: Semi-Slav: 5 Bg5 h6.} c5 10. Bg2 Bb7 11. dxc5 Nxc5 12. Nxc5 Bxc5 13. O-O O-O {[#]} 14. Ne5 $146 ({Predecessor:} 14. Bg5 Bd5 15. Qa4 h6 16. Bf4 Nh5 17. Bc1 Rc8 18. g4 Nf6 19. g5 hxg5 20. Bxg5 {0-1 (58) Mahalakshmi,M (2019)-Blagojevic,T (2315) Porto Carras 2015}) 14... Bxg2 15. Kxg2 Qc7 16. Nd3 Rfc8 17. Kg1 Bf8 18. Bd2 Qc2 19. Rfd1 Ne4 20. Rac1 Qxb3 21. axb3 Nxd2 22. Rxd2 Rxc1+ 23. Nxc1 $11 {[%mdl 4096] Endgame KRB-KRN} Rc8 24. Nd3 Be7 25. Kf1 a5 26. Ke1 Bd6 27. Kd1 Kf8 28. Rc2 Ra8 29. Rc6 Ke7 30. Rb6 Kd7 31. Rb7+ Bc7 {[#] White must now prevent ...Kc6.} 32. Rb5 Bd6 33. Rb7+ Bc7 {Hoping for ...Kc6.} 34. Rb5 Bd6 35. Rb7+ Bc7 {An uneventful encounter.  Weighted Error Value: White=0.03/Black=0.05} 1/2-1/2

[Event "FAI-ch Master 2021"]
[Site "Klaksvik"]
[Date "2021.04.01"]
[Round "6.1"]
[White "Berg, Margar M."]
[Black "Poulsen, Martin"]
[Result "0-1"]
[WhiteElo "1942"]
[BlackElo "2285"]
[Annotator "TA"]
[PlyCount "90"]
[EventDate "2021.03.27"]
[EventType "tourn"]
[EventCountry "FAI"]
[SourceTitle "playchess.com"]
[Source "ChessBase"]
[SourceQuality "1"]

{[%evp 9,90,-52,-39,-65,-54,-65,-20,-78,-82,-80,-68,-148,-157,-151,-144,-165,-135,-134,-117,-134,-132,-127,-132,-168,-147,-178,-165,-176,-176,-199,-191,-202,-188,-222,-218,-221,-218,-229,-222,-230,-228,-245,-202,-204,0,-242,-245,-243,-233,-244,-173,-187,-129,-205,-229,-236,-257,-283,-273,-292,-292,-372,-284,-335,-347,-681,-654,-862,-854,-964,-962,-949,-946,-962,-871,-1641,-1622,-1378,-1269,-1975,-1697,-2452,-2350]} 1. g3 d5 2. Bg2 e5 3. c4 dxc4 4. Nc3 c6 5. Nf3 Bd6 {[#]} 6. d4 $146 {A00: Irregular Openings.} ({Predecessor:} 6. Ne4 Nf6 7. Nxd6+ Qxd6 8. Qc2 b5 9. a4 Bb7 10. b3 cxb3 11. Qxb3 a6 12. Ba3 {1-0 (26) Drljevic,L (2208)-Greibrokk,I (1857) Sharjah 2018}) 6... cxd3 $1 7. Qxd3 Bc7 (7... Qe7 {with more complications.} 8. O-O Bc7 9. Bg5 f6 10. Be3 Na6) 8. Be3 (8. Qxd8+ $11 {remains equal.} Kxd8 9. b3) 8... Qxd3 9. exd3 Nf6 10. Bc5 (10. d4 $15) 10... Na6 $17 11. Ba3 {[#]} Bg4 $1 12. O-O Bxf3 13. Bxf3 O-O-O 14. Be2 Bd6 15. Bxd6 Rxd6 16. Rfc1 Kb8 17. a3 Nc5 {Strongly threatening ...Nb3.} 18. Rc2 Nb3 ({Don't take} 18... Nxd3 19. Rd2 $17) 19. Rd1 Rhd8 20. Kf1 a6 21. f3 Nd5 {[#] Threatens to win with ...Ne3+.} 22. Nxd5 Rxd5 23. Rc3 Nd4 24. Kf2 f5 25. Bf1 Nb5 26. Rc4 Nd4 27. Rc3 $1 Kc7 28. Re1 R8d7 29. Re3 Re7 30. Bg2 Rd8 (30... Re6 $19 31. f4 Rb5) 31. Bf1 (31. f4 $17 {was worth a try.}) 31... Kd6 $19 32. Rc4 b5 33. Rc3 g5 34. Re1 a5 35. Rec1 h5 36. Rc5 h4 37. a4 $2 (37. gxh4 gxh4 38. Bh3) 37... hxg3+ {Black is clearly winning.} 38. Kxg3 bxa4 39. R5c4 Rb8 40. Rxa4 Rxb2 41. h3 Rh7 42. Rxd4+ exd4 43. f4 gxf4+ 44. Kxf4 a4 {[%cal Ba5a4,Ba4a3][%mdl 32]} 45. Kf3 a3 {Weighted Error Value: White=0.67/Black=0.17} 0-1

[Event "FAI-ch Master 2021"]
[Site "Klaksvik"]
[Date "2021.04.01"]
[Round "6.2"]
[White "Hojgaard, Samson"]
[Black "Simonsen, Hans Kristian"]
[Result "0-1"]
[WhiteElo "1999"]
[BlackElo "2128"]
[Annotator "TA"]
[PlyCount "84"]
[EventDate "2021.03.27"]
[EventType "tourn"]
[EventCountry "FAI"]
[SourceTitle "playchess.com"]
[Source "ChessBase"]
[SourceQuality "1"]

{[%evp 10,84,33,28,39,19,13,10,13,7,12,6,12,12,15,0,12,4,9,-7,0,0,0,-29,-7,-18,-25,-37,-3,-30,-14,-48,-2,-12,-17,-55,40,43,57,61,151,157,156,158,151,119,132,136,199,-809,-827,-912,-911,-743,0,-39,0,0,25,25,82,-38,82,-1021,-593,-566,-566,-610,-628,-5506,-5493,-29995,-29996,-29996,-29997,-29998,-29999]} 1. Nf3 Nf6 2. d4 e6 3. c4 b6 4. g3 Bb7 5. Bg2 g6 6. O-O Bg7 {[#] E16: Queen's Indian: 4 g3 Bb7 5 Bg2 Bb4+.} 7. b4 $146 ({Predecessor:} 7. Bf4 O-O 8. Qc2 d6 9. Nc3 Nc6 10. Rfd1 Nd7 11. d5 Nb4 12. Qd2 e5 13. Bh6 a5 14. a3 {1-0 (45) Deac,B (2625)-Praggnanandhaa,R (2608) chess.com INT 2020}) 7... O-O 8. Bb2 Qe7 {The position is equal.} 9. Qb3 d6 10. a4 a5 11. b5 Nbd7 12. Nbd2 Ne4 13. Rfe1 Rae8 14. Qc2 Nxd2 15. Qxd2 f5 16. Rec1 Bf6 17. e3 Be4 18. Ne1 Bxg2 19. Kxg2 e5 20. Rc2 exd4 21. exd4 f4 22. Qxf4 {[#]} Bg5 (22... Nc5 $1 $15 23. Qg4 (23. Qe3 Qg7) 23... Nxa4 $1) 23. Qg4 $14 h5 24. Qd1 Nf6 ({Black should play} 24... Qe4+ $14 25. Kg1 h4) 25. Qd3 $1 $16 Qf7 26. Nf3 $1 {[%cal Rf3g5]} Bh6 27. Re1 Rxe1 28. Nxe1 Ng4 (28... g5 $16 {is a better defense.} 29. Bc1 Re8) 29. Nf3 $4 {[%mdl 8192] [#]} (29. d5 $18) 29... Ne3+ $1 $19 {[%mdl 512]} 30. fxe3 (30. Kg1 Qxf3) 30... Qxf3+ {[%mdl 64] Double Attack} 31. Kh3 Qg4+ $2 (31... Kh7 $19 {Strongly threatening ...Rf4!} 32. d5 Rf4 $1 33. exf4 Qxd3) 32. Kg2 $15 Rf3 {[%mdl 1024] Black has compensation.} 33. Bc1 $36 {[%mdl 2048] White is more active.} h4 34. Rf2 h3+ (34... Rxf2+ $11 35. Kxf2 Kf7) 35. Kf1 {[#]} (35. Kg1 $16 {aiming for Qe2.} Rf5 36. Kf1) 35... Kh7 (35... Bf4 $1 $15 {stays ahead.} 36. Qc2 (36. Qe2 Rxf2+) 36... Bxe3 37. Bxe3 Rxe3) 36. Bd2 $2 {[%mdl 8192] Loses the game.} (36. Ke1 $16 Rxf2 37. Kxf2) 36... Rxf2+ 37. Kxf2 Qd1 38. c5 Qh1 39. cxb6 Qxh2+ 40. Kf3 Qg2+ {Black mates.} 41. Kg4 h2 42. Qc2 Qe2+ {[%mdl 64] Double Attack.  Weighted Error Value: White=0.81/Black=0.56} 0-1

[Event "FAI-ch Master 2021"]
[Site "Klaksvik"]
[Date "2021.04.01"]
[Round "6.3"]
[White "Nielsen, Hogni Egilstoft"]
[Black "Apol, Luitjen Akselsson"]
[Result "1-0"]
[WhiteElo "2384"]
[BlackElo "2103"]
[Annotator "RC"]
[PlyCount "75"]
[EventDate "2021.03.27"]
[EventType "tourn"]
[EventCountry "FAI"]
[SourceTitle "playchess.com"]
[Source "ChessBase"]
[SourceQuality "1"]
[TimeControl "40/5400+30:900+30"]

1. e4 {[%emt 0:00:35]} c5 {[%emt 0:00:00]} 2. a3 {[%emt 0:00:14]} e5 {[%emt 0:09:20]} 3. Bc4 {[%emt 0:03:17]} Nc6 {[%emt 0:01:39]} 4. d3 {[%emt 0:01:31]} g6 {[%emt 0:04:51]} 5. Nc3 {[%emt 0:01:21]} Bg7 {[%emt 0:04:14]} 6. Nge2 {[%emt 0:08:34]} Nge7 {[%emt 0:05:21]} 7. O-O {[%emt 0:12:59]} d6 {[%emt 0:03:09]} 8. b4 {[%emt 0:06:10]} cxb4 {[%emt 0:07:05]} 9. axb4 {[%emt 0:00:23]} Be6 {[%emt 0:00:52]} 10. b5 {[%emt 0:05:34]} Nd4 {[%emt 0:03:29]} 11. Bg5 {[%emt 0:05:09]} h6 {[%emt 0:17:22]} 12. Bxe7 {[%emt 0:10:17]} Qxe7 {[%emt 0:03:13]} 13. Nxd4 {[%emt 0:06:40]} exd4 {[%emt 0:00:14]} 14. Nd5 {[%emt 0:00:06]} Bxd5 {[%emt 0:01:28]} 15. Bxd5 {[%emt 0:00:09]} O-O {[%emt 0:03:57]} 16. Ra2 {[%emt 0:06:27]} Qc7 {[%emt 0:01:53]} 17. Qg4 {[%emt 0:03:47]} Kh7 {[%emt 0:01:08]} 18. Rfa1 {[%emt 0:00:19]} h5 {[%emt 0:01:20]} 19. Qg5 {[%emt 0:02:50]} Bh6 {[%emt 0:02:11]} 20. Qf6 {[%emt 0:01:47]} Bg7 {[%emt 0:00:40]} 21. Qh4 {[%emt 0:00:02]} Bh6 {[%emt 0:02:33]} 22. g3 {[%emt 0:00:53]} Kg7 {[%emt 0:01:31]} 23. Qh3 {[%emt 0:06:16]} Bd2 {[%emt 0:02:48]} 24. Rxa7 {[%emt 0:06:18]} Rxa7 25. Rxa7 {[%emt 0:00:03]} Qxc2 {[%emt 0:01:37]} 26. Rxb7 {[%emt 0:02:19]} Qd1+ {[%emt 0:04:20]} 27. Kg2 {[%emt 0:04:14]} h4 {[%emt 0:01:19]} 28. Qe6 {[%emt 0:02:41]} Kh6 {[%emt 0:01:02]} 29. Rxf7 {[%emt 0:00:53]} Rxf7 {[%emt 0:00:09]} 30. Qxf7 {[%emt 0:00:11]} h3+ {[%emt 0:00:04]} 31. Kxh3 {[%emt 0:00:15]} Kh5 {[%emt 0:01:18]} 32. e5 {[%emt 0:01:08]} Qf1+ {[%emt 0:00:46]} 33. Bg2 {[%emt 0:00:09]} Qxd3 {[%emt 0:00:08]} 34. e6 {[%emt 0:01:55]} Qxb5 {[%emt 0:00:57]} 35. Bf3+ {[%emt 0:01:18]} Kg5 {[%emt 0:00:33]} 36. Kg2 {[%emt 0:00:24]} Qc4 {[%emt 0:01:40]} 37. Qf8 {[%emt 0:00:30]} Qxe6 {[%emt 0:01:29]} 38. h4# {[%emt 0:00:09]} 1-0

[Event "FAI-ch Master 2021"]
[Site "Klaksvik"]
[Date "2021.04.01"]
[Round "6.4"]
[White "Nolsoe, Rani"]
[Black "Johansen, Haldur Suni"]
[Result "1/2-1/2"]
[WhiteElo "2068"]
[BlackElo "1997"]
[Annotator "TA"]
[PlyCount "43"]
[EventDate "2021.03.27"]
[EventType "tourn"]
[EventCountry "FAI"]
[SourceTitle "playchess.com"]
[Source "ChessBase"]
[SourceQuality "1"]

{[%evp 25,30,58,40,24,33,0,8]} 1. e4 c5 2. Nf3 d6 3. d4 cxd4 4. Nxd4 Nf6 5. Nc3 a6 6. Bg5 e6 7. f4 b5 8. e5 dxe5 9. fxe5 Qc7 10. exf6 Qe5+ 11. Be2 Qxg5 12. O-O Ra7 $1 {The main line 12...Ra7 scores better than 12...Qe5.} 13. Qd3 Rd7 {[#] White must now prevent ...Rxd4!} 14. Ne4 {B96: Sicilian Najdorf: 6 Bg5 e6 7 f4, lines other than 7...Qb6 and 7...Be7.} Qe5 15. c3 (15. Nf3 $5 {[%cal Rf3e5]} Qc7 16. Qe3 $11) 15... Bb7 {[#] Not enough moves} {Predecessor:} 16. Bf3 $146 Bxe4 17. Bxe4 gxf6 18. Rae1 Bc5 19. Kh1 Bxd4 20. cxd4 Qxd4 21. Qg3 Ke7 22. Bf5 {0-1 (35) Kogan,A (2591)-Smirin,I (2616) Maalot-Tarshiha 2008} 1/2-1/2

[Event "FAI-ch Master 2021"]
[Site "Klaksvik"]
[Date "2021.04.02"]
[Round "7.1"]
[White "Johansen, Haldur Suni"]
[Black "Berg, Margar M."]
[Result "0-1"]
[WhiteElo "1997"]
[BlackElo "1942"]
[Annotator "NA"]
[PlyCount "80"]
[EventDate "2021.03.27"]
[EventType "tourn"]
[EventCountry "FAI"]
[SourceTitle "playchess.com"]
[Source "ChessBase"]
[SourceQuality "1"]
[TimeControl "40/5400+30:900+30"]

1. e4 {[%emt 0:00:00]} c5 {[%emt 0:09:21]} 2. Nf3 {[%emt 0:00:00]} d6 {[%emt 0:00:09]} 3. d4 {[%emt 0:00:00]} cxd4 {[%emt 0:00:10]} 4. Nxd4 {[%emt 0:00:04]} Nf6 {[%emt 0:00:13]} 5. Nc3 {[%emt 0:00:02]} a6 {[%emt 0:00:13]} 6. Bg5 {[%emt 0:00:19]} e6 {[%emt 0:01:38]} 7. f4 {[%emt 0:00:21]} Nbd7 {[%emt 0:00:56]} 8. Qf3 {[%emt 0:00:25]} Qc7 {[%emt 0:01:22]} 9. O-O-O {[%emt 0:00:37]} b5 {[%emt 0:03:05]} 10. f5 {[%emt 0:09:25]} Ne5 {[%emt 0:06:26]} 11. Qg3 {[%emt 0:09:05]} b4 {[%emt 0:03:01]} 12. Bxf6 {[%emt 0:02:54]} gxf6 {[%emt 0:09:00]} 13. Nce2 {[%emt 0:15:04]} Bb7 {[%emt 0:24:05]} 14. fxe6 {[%emt 0:06:20]} Bxe4 {[%emt 0:13:23]} 15. exf7+ {[%emt 0:03:55]} Kxf7 {[%emt 0:04:59]} 16. Qb3+ {[%emt 0:01:22]} Ke8 {[%emt 0:06:42]} 17. Ng3 {[%emt 0:04:56]} Bg6 {[%emt 0:01:40]} 18. Qxb4 {[%emt 0:04:42]} Rb8 {[%emt 0:04:24]} 19. Qa4+ {[%emt 0:03:42]} Kf7 {[%emt 0:00:31]} 20. Ngf5 {[%emt 0:02:21]} d5 {[%emt 0:05:50]} 21. Qxa6 {[%emt 0:05:43]} Rb6 {[%emt 0:00:39]} 22. Qa8 {[%emt 0:08:50]} Bxf5 {[%emt 0:01:00]} 23. Nxf5 {[%emt 0:00:41]} Kg6 {[%emt 0:00:09]} 24. Ne3 {[%emt 0:10:09]} Bh6 {[%emt 0:01:26]} 25. Qxh8 {[%emt 0:02:12]} Bxe3+ {[%emt 0:00:55]} 26. Kb1 {[%emt 0:00:02]} Rb8 {[%emt 0:00:16]} 27. Bd3+ {[%emt 0:01:13]} Nxd3 {[%emt 0:00:44]} 28. Qxb8 {[%emt 0:00:25]} Qxb8 {[%emt 0:00:07]} 29. Rxd3 {[%emt 0:00:05]} d4 {[%emt 0:00:29]} 30. g3 {[%emt 0:00:46]} Qb7 {[%emt 0:00:16]} 31. Rhd1 {[%emt 0:00:23]} Qg2 {[%emt 0:00:42]} 32. c4 {[%emt 0:00:26]} Qxh2 {[%emt 0:00:51]} 33. a4 {[%emt 0:00:24]} Qxg3 {[%emt 0:00:08]} 34. b4 {[%emt 0:01:29]} Qc7 {[%emt 0:00:26]} 35. c5 {[%emt 0:00:10]} f5 {[%emt 0:00:18]} 36. Kb2 {[%emt 0:00:15]} f4 {[%emt 0:00:12]} 37. Kb3 {[%emt 0:00:23]} Qf7+ {[%emt 0:00:35]} 38. Ka3 {[%emt 0:00:05]} f3 {[%emt 0:00:17]} 39. b5 {[%emt 0:00:11]} f2 {[%emt 0:00:10]} 40. Rf1 {[%emt 0:00:00]} Qc4 {[%emt 0:00:00]} 0-1

[Event "FAI-ch Master 2021"]
[Site "Klaksvik"]
[Date "2021.04.02"]
[Round "7.2"]
[White "Apol, Luitjen Akselsson"]
[Black "Nolsoe, Rani"]
[Result "1/2-1/2"]
[WhiteElo "2103"]
[BlackElo "2068"]
[Annotator "NA"]
[PlyCount "89"]
[EventDate "2021.03.27"]
[EventType "tourn"]
[EventCountry "FAI"]
[SourceTitle "playchess.com"]
[Source "ChessBase"]
[SourceQuality "1"]
[TimeControl "40/5400+30:900+30"]

1. e4 {[%emt 0:00:01]} e5 {[%emt 0:00:00]} 2. Nf3 {[%emt 0:00:35]} d6 {[%emt 0:00:00]} 3. d4 {[%emt 0:00:26]} exd4 {[%emt 0:00:00]} 4. Nxd4 {[%emt 0:00:57]} Nf6 {[%emt 0:00:40]} 5. Nc3 {[%emt 0:00:32]} Be7 {[%emt 0:00:12]} 6. g3 {[%emt 0:00:25]} O-O {[%emt 0:00:22]} 7. Bg2 {[%emt 0:02:53]} Re8 {[%emt 0:00:11]} 8. O-O {[%emt 0:00:30]} Bf8 {[%emt 0:00:14]} 9. h3 {[%emt 0:00:34]} Nbd7 {[%emt 0:00:37]} 10. Re1 {[%emt 0:01:43]} Nc5 {[%emt 0:01:27]} 11. Bf4 {[%emt 0:08:21]} a5 {[%emt 0:03:35]} 12. a4 {[%emt 0:05:09]} Nfd7 {[%emt 0:08:28]} 13. b3 {[%emt 0:08:57]} Ne5 {[%emt 0:03:30]} 14. Qd2 {[%emt 0:07:22]} Ne6 {[%emt 0:09:22]} 15. Be3 {[%emt 0:05:59]} Nxd4 {[%emt 0:15:38]} 16. Bxd4 {[%emt 0:00:12]} Nc6 {[%emt 0:02:00]} 17. Be3 {[%emt 0:02:11]} Nb4 18. Nb5 {[%emt 0:08:11]} Nc6 {[%emt 0:08:43]} 19. Rad1 {[%emt 0:03:37]} Be6 {[%emt 0:01:47]} 20. Kh2 {[%emt 0:04:02]} Be7 {[%emt 0:03:09]} 21. f4 {[%emt 0:01:50]} Bf6 {[%emt 0:06:31]} 22. Qf2 {[%emt 0:01:28]} Qc8 {[%emt 0:02:17]} 23. Bc1 {[%emt 0:05:31]} Bd7 {[%emt 0:05:21]} 24. Ba3 {[%emt 0:04:24]} Nb4 {[%emt 0:01:29]} 25. Nd4 {[%emt 0:01:11]} Nc6 {[%emt 0:02:56]} 26. Ne2 {[%emt 0:05:28]} g6 {[%emt 0:01:49]} 27. Qf3 {[%emt 0:03:46]} Bg7 {[%emt 0:01:04]} 28. Rd2 {[%emt 0:01:32]} f5 {[%emt 0:01:32]} 29. Nc3 {[%emt 0:01:34]} fxe4 {[%emt 0:01:30]} 30. Rxe4 {[%emt 0:01:20]} Rxe4 {[%emt 0:03:16]} 31. Nxe4 {[%emt 0:01:25]} Qf8 {[%emt 0:01:47]} 32. Qd3 {[%emt 0:03:12]} Qf5 {[%emt 0:03:10]} 33. Rf2 {[%emt 0:05:22]} h5 {[%emt 0:04:06]} 34. g4 {[%emt 0:02:16]} hxg4 {[%emt 0:00:43]} 35. hxg4 {[%emt 0:00:01]} Qxg4 {[%emt 0:00:32]} 36. Ng5 {[%emt 0:00:09]} Qh5+ {[%emt 0:05:18]} 37. Kg1 {[%emt 0:00:27]} Bd4 {[%emt 0:00:41]} 38. Kf1 {[%emt 0:01:10]} Re8 {[%emt 0:01:09]} 39. Be4 {[%emt 0:04:10]} Bf5 {[%emt 0:01:00]} 40. Qc4+ {[%emt 0:00:00]} d5 {[%emt 0:00:00]} 41. Bxd5+ {[%emt 0:04:57]} Kg7 {[%emt 0:05:04]} 42. Bxc6 {[%emt 0:04:45]} Qd1+ {[%emt 0:02:32]} 43. Kg2 {[%emt 0:00:02]} Qg4+ {[%emt 0:00:22]} 44. Kf1 {[%emt 0:00:08]} Qd1+ {[%emt 0:00:20]} 45. Kg2 1/2-1/2

[Event "FAI-ch Master 2021"]
[Site "Klaksvik"]
[Date "2021.04.02"]
[Round "7.3"]
[White "Simonsen, Hans Kristian"]
[Black "Nielsen, Hogni Egilstoft"]
[Result "0-1"]
[WhiteElo "2128"]
[BlackElo "2384"]
[Annotator "ChessBase"]
[PlyCount "98"]
[EventDate "2021.03.27"]
[EventType "tourn"]
[EventCountry "FAI"]
[SourceTitle "playchess.com"]
[Source "ChessBase"]
[SourceQuality "1"]
[TimeControl "40/5400+30:900+30"]

1. c4 {[%emt 0:00:00]} Nf6 {[%emt 0:00:38]} 2. Nf3 {[%emt 0:00:00]} e6 {[%emt 0:00:17]} 3. Nc3 {[%emt 0:00:00]} d5 {[%emt 0:00:35]} 4. d4 {[%emt 0:00:03]} Be7 {[%emt 0:00:31]} 5. Bf4 {[%emt 0:01:08]} O-O {[%emt 0:00:59]} 6. e3 {[%emt 0:00:05]} c6 {[%emt 0:00:59]} 7. Qc2 {[%emt 0:05:31]} Nbd7 {[%emt 0:03:28]} 8. a3 {[%emt 0:06:58]} Re8 {[%emt 0:07:06]} 9. h3 {[%emt 0:01:24]} Nf8 {[%emt 0:06:22]} 10. Bd3 {[%emt 0:03:46]} Ng6 {[%emt 0:07:44]} 11. Bg3 {[%emt 0:04:47]} Bd6 {[%emt 0:11:15]} 12. Bxd6 {[%emt 0:01:31]} Qxd6 {[%emt 0:00:07]} 13. Bxg6 {[%emt 0:00:29]} hxg6 {[%emt 0:00:23]} 14. e4 {[%emt 0:00:11]} dxe4 {[%emt 0:08:28]} 15. Nxe4 {[%emt 0:01:36]} Qf4 {[%emt 0:00:04]} 16. Ng3 {[%emt 0:12:02]} c5 {[%emt 0:13:33]} 17. dxc5 {[%emt 0:03:31]} Bd7 {[%emt 0:01:52]} 18. O-O {[%emt 0:04:06]} Bc6 {[%emt 0:06:08]} 19. Qc1 {[%emt 0:04:24]} e5 {[%emt 0:01:08]} 20. Ng5 {[%emt 0:03:00]} Rad8 {[%emt 0:02:08]} 21. Qe3 {[%emt 0:10:46]} Rd2 {[%emt 0:03:54]} 22. Rfe1 {[%emt 0:03:32]} Rxb2 {[%emt 0:03:39]} 23. Rac1 {[%emt 0:15:35]} Rd8 {[%emt 0:05:36]} 24. Qxf4 {[%emt 0:02:07]} exf4 {[%emt 0:00:02]} 25. Nf1 {[%emt 0:00:12]} Kf8 {[%emt 0:02:36]} 26. Rc3 {[%emt 0:02:45]} a5 {[%emt 0:02:01]} 27. h4 {[%emt 0:03:58]} a4 {[%emt 0:01:34]} 28. Rec1 {[%emt 0:01:47]} Ne4 {[%emt 0:03:23]} 29. Nxe4 {[%emt 0:01:18]} Bxe4 {[%emt 0:00:02]} 30. f3 {[%emt 0:03:30]} Bf5 {[%emt 0:03:08]} 31. c6 {[%emt 0:00:57]} bxc6 {[%emt 0:00:11]} 32. c5 {[%emt 0:00:17]} Be6 {[%emt 0:01:22]} 33. Re1 {[%emt 0:03:45]} Ra2 {[%emt 0:01:51]} 34. Rcc1 {[%emt 0:01:23]} Rb8 {[%emt 0:01:14]} 35. Re4 {[%emt 0:00:32]} Rxa3 {[%emt 0:02:08]} 36. Rxf4 {[%emt 0:00:17]} Rb2 {[%emt 0:00:08]} 37. Re1 {[%emt 0:00:09]} Kg8 {[%emt 0:00:41]} 38. Rd4 {[%emt 0:00:24]} Rc2 {[%emt 0:00:52]} 39. Rb1 {[%emt 0:00:26]} Rb3 {[%emt 0:00:45]} 40. Ra1 {[%emt 0:00:00]} Rbb2 {[%emt 0:00:00]} 41. Ne3 {[%emt 0:00:12]} Re2 {[%emt 0:03:57]} 42. Ra3 {[%emt 0:01:53]} Rb3 {[%emt 0:04:45]} 43. Rd3 {[%emt 0:00:01]} Rxa3 {[%emt 0:01:41]} 44. Rxa3 {[%emt 0:00:02]} Bb3 {[%emt 0:00:08]} 45. Ng4 {[%emt 0:01:29]} Ra2 {[%emt 0:01:15]} 46. Rxa2 {[%emt 0:00:24]} Bxa2 {[%emt 0:00:02]} 47. Ne5 {[%emt 0:01:38]} Bd5 {[%emt 0:00:08]} 48. Nd3 {[%emt 0:00:09]} a3 {[%emt 0:00:19]} 49. Nb4 {[%emt 0:00:13]} Bb3 {[%emt 0:00:08]} 0-1

[Event "FAI-ch Master 2021"]
[Site "Klaksvik"]
[Date "2021.04.02"]
[Round "7.4"]
[White "Poulsen, Martin"]
[Black "Hojgaard, Samson"]
[Result "1-0"]
[WhiteElo "2285"]
[BlackElo "1999"]
[Annotator "ChessBase"]
[PlyCount "65"]
[EventDate "2021.03.27"]
[EventType "tourn"]
[EventCountry "FAI"]
[SourceTitle "playchess.com"]
[Source "ChessBase"]
[SourceQuality "1"]
[TimeControl "40/5400+30:900+30"]

1. e4 {[%emt 0:08:08]} Nf6 {[%emt 0:01:47]} 2. Nc3 {[%emt 0:02:12]} d5 {[%emt 0:00:07]} 3. e5 {[%emt 0:04:21]} Ne4 {[%emt 0:00:02]} 4. Nce2 {[%emt 0:00:06]} f6 {[%emt 0:00:06]} 5. d3 {[%emt 0:00:05]} Ng5 {[%emt 0:00:01]} 6. Bxg5 {[%emt 0:00:06]} fxg5 {[%emt 0:00:01]} 7. h4 {[%emt 0:00:07]} g4 {[%emt 0:00:10]} 8. d4 {[%emt 0:00:19]} c5 {[%emt 0:00:02]} 9. dxc5 {[%emt 0:00:10]} Nc6 {[%emt 0:01:08]} 10. Nd4 {[%emt 0:02:29]} Qa5+ {[%emt 0:00:53]} 11. c3 {[%emt 0:00:08]} Qxc5 {[%emt 0:00:13]} 12. Bb5 {[%emt 0:00:24]} a6 {[%emt 0:02:25]} 13. Bxc6+ {[%emt 0:20:25]} bxc6 {[%emt 0:00:08]} 14. Nge2 {[%emt 0:00:06]} g6 {[%emt 0:04:59]} 15. h5 {[%emt 0:03:28]} Bg7 {[%emt 0:12:37]} 16. hxg6 {[%emt 0:12:25]} Bxe5 {[%emt 0:01:10]} 17. gxh7 {[%emt 0:06:27]} Qb6 {[%emt 0:04:08]} 18. Qd3 {[%emt 0:13:12]} c5 {[%emt 0:00:23]} 19. Nb3 {[%emt 0:02:22]} Qd6 {[%emt 0:15:43]} 20. Qe3 {[%emt 0:10:56]} Rb8 {[%emt 0:14:18]} 21. Nxc5 {[%emt 0:04:47]} Rxb2 {[%emt 0:00:24]} 22. Nd3 {[%emt 0:02:53]} Rxe2+ {[%emt 0:00:21]} 23. Kxe2 {[%emt 0:00:44]} Bxc3 {[%emt 0:00:53]} 24. Rac1 {[%emt 0:01:58]} d4 {[%emt 0:00:08]} 25. Qe5 {[%emt 0:01:25]} Qxe5+ {[%emt 0:03:03]} 26. Nxe5 {[%emt 0:00:02]} Bf5 {[%emt 0:00:11]} 27. Rh5 {[%emt 0:01:33]} e6 {[%emt 0:15:35]} 28. Rch1 {[%emt 0:00:41]} Be4 {[%emt 0:00:56]} 29. Rg5 {[%emt 0:01:13]} Bxh7 {[%emt 0:09:06]} 30. Rgh5 {[%emt 0:00:42]} d3+ {[%emt 0:00:13]} 31. Nxd3 {[%emt 0:00:12]} Bxd3+ {[%emt 0:00:49]} 32. Kxd3 {[%emt 0:00:07]} Rxh5 {[%emt 0:00:05]} 33. Rxh5 {[%emt 0:00:06]} 1-0